Miglior portiere del XX secolo - Statistics

Statistiche generali
  • Questo quiz è stato fatto 23 volte
  • Il punteggio medio è 3 su 10
Statistiche sulle risposte
Voti Nazione Periodo Portiere % Corretto
1 002 Unione Sovietica 1950 - 1970 Lev Jašin
91%
661 Italia 1961 - 1983 Dino Zoff
82%
291 Danimarca 1981 - 2003 Peter Schmeichel
59%
717 Inghilterra 1958 - 1978 Gordon Banks
32%
196 Inghilterra 1966 - 1997 Peter Shilton
18%
443 Spagna 1916 - 1938 Ricardo Zamora
18%
373 Paraguay 1982 - 2004 José Luis Chilavert
14%
192 Argentina 1945 - 1970 Amadeo Carrizo
5%
194 Cecoslovacchia 1923 - 1939 František Plánička
5%
456 Ovest 1962 - 1980 Sepp Maier
5%
Nessun quiz corrispondente trovato
Distribuzione punteggi
Percentuale di utenti per punteggio
Percentile per numero di risposta
I tuoi punteggi nel tempo
Non hai fatto questo quiz